Použitie modelu výnimočnosti EFQM v praxi

Vysvetlenie pojmu Modelu výnimočnosti EFQM a možnosti jeho použitia. Zásady modelu výnimočnosti EFQM. Model výnimočnosti EFQM a jeho štruktúra. Prístup k samohodnoteniu organizácie pomocou modelu EFQM.

Gespeichert in:
Bibliographische Detailangaben
1. Verfasser: Šesták, Milan
Format: Buchkapitel
Sprache:Slowakisch
Schlagworte:
Tags: Tag hinzufügen
Keine Tags, Fügen Sie das erste Tag hinzu!

MARC

LEADER 00000naa a2200000 4500
001 r048746
005 20231002070525.8
041 0 |a slo 
044 |a SK 
245 1 0 |a Použitie modelu výnimočnosti EFQM v praxi  |c Milan Šesták 
520 |a Vysvetlenie pojmu Modelu výnimočnosti EFQM a možnosti jeho použitia. Zásady modelu výnimočnosti EFQM. Model výnimočnosti EFQM a jeho štruktúra. Prístup k samohodnoteniu organizácie pomocou modelu EFQM. 
610 2 0 |a kvalita 
610 2 0 |a firmy 
610 2 0 |a model EFQM 
610 2 0 |a modely 
610 2 0 |a riadenie kvality 
100 1 |a Šesták, Milan